000 nam a22 7a 4500
999 _c15380
_d15380
008 161031b xxu||||| |||| 00| 0 eng d
020 _a0871200937
050 _aLC 5219 .O94 1979
100 _aOverly,Norman V.
245 _aLifelong learning :
_ba human agenda/
_cNorman V.Overly
260 _aAlexandria,VA :
_bAssociation for Supervision and Curriculum Development,
_cc1979
300 _aiv, 196p. :
_bill. ;
650 _aContinuing education
650 _aLearning,Pschology of
_xSocial aspect
_zUnited States
942 _2lcc
_cBOOKS
_hLC 5219 .O94 1979